Skoki narciarskie - skoczkowie, którzy stanęli na podium PK 2023/24 - Statystyki

Ogólne statystyki
  • Ten quiz został rozwiązany 57 razy
  • Średni wynik to 11 z 27
Statystyki odpowiedzi
Ilość podium Skoczek % Poprawnych
1 Maciej Kot
78%
7 Clemens Aigner
74%
2 Aleksander Zniszczoł
67%
7 Maximilian Ortner
63%
1 Paweł Wąsek
61%
5 Markus Eisenbichler
57%
2 Benjamin Oestvold
52%
8 Jonas Schuster
52%
6 Robin Pedersen
50%
4 Zak Mogel
50%
3 Clemens Leitner
46%
1 Jakub Wolny
46%
2 Luca Roth
46%
4 Stephan Embacher
46%
4 Constantin Schmid
43%
6 Daniel Huber
41%
2 Felix Hoffmann
39%
3 Francisco Moerth
35%
2 Fredrik Villumstad
35%
1 Klemens Murańka
28%
2 Anders Haare
22%
2 Maksim Bartolj
20%
2 Sindre Ulven Joergensen
17%
1 Hannes Landerer
15%
1 Ben Bayer
13%
1 Martin Hamann
13%
1 Paal Haakon Bjoertomt
11%
Nie znaleziono quizów pasujących do podanych kryteriów
Rozkład punktacji
Procent ludzi z każdym wynikiem
Percentyl według liczby udzielonych odpowiedzi
Twoja historia wyników
Nie rozwiązałeś tego quizu